00612cam a22001457a 4500008004000000082001600040100005500056245012900111260002300240300000900263440005700272650003000329999001900359952008800378180718b1981 xxu||||| |||| 00| 0 eng d aB704x4 C831 aCommittee of Experts on local and Regional Finance aLocal authority financial planning techniques and budgetary processescby Committee of Experts on local and Regional Finance aStrasbourgbc1981 a58p. aLocal and Regional Authorities in Europe study no.25 aCities And Towns - Growth c416199d416199 00104070aIIPAbIIPAd2009-03-13oB704x4 C831pDA5521r2018-07-21w2018-07-21yDA